Historia como sistema

Furkejuvvon:
Bibliográfalaš dieđut
Materiálatiipa: Girji
Giella:espánnjágiella
Almmustuhtton: Madrid Revista de Occidente 1958
Preanttus:3a. ed
Ráidu:El Arquero
Fáttát:
Fáddágilkorat: Lasit fáddágilkoriid
Eai fáddágilkorat, Lasit vuosttaš fáddágilkora!

MARC

LEADER 00000cam a2200000 a 4500
001 UCP1867
003 CL-VaPUC
008 990426e19580000SP |||||||||||||||||spa|d
082 0 4 |a 196  |b ORT  |2 21 
245 1 0 |a Historia como sistema 
250 |a 3a. ed 
300 |a 155 p 
942 |c BK 
945 |d 19990426 00:00:00  |a lriquelm 
260 |a Madrid  |b Revista de Occidente  |c 1958 
650 0 |a Filosofía española   |9 254895 
650 0 |a Historia de la filosofía  |9 256920 
650 0 |a Filosofía   |9 223554 
583 |a last modification  |c 20150415 10:33:07  |k Rodrigo Vera 
490 0 |a El Arquero 
999 |c 280498  |d 280496 
952 |0 0  |1 0  |4 0  |6 196_000000000000000_ORT_1958  |7 0  |8 A  |9 320826  |a BIBHIS  |b BIBHIS  |d 2019-11-20  |i 1331108  |o 196 ORT 1958  |p 1331108  |r 2025-01-20  |w 2019-11-20  |y BK  |k HIS 
952 |0 0  |1 0  |3 erb  |4 0  |6 196_000000000000000_ORT_1958  |7 0  |8 A  |9 320827  |a BIBEDU  |b BIBEDU  |e Villagrán Garnham, Jorge  |i 5170796  |o 196 ORT 1958  |p 5170796  |r 2019-11-20  |w 2019-11-20  |y BK  |z Catalogado en:20150423  |k FIL